Klastre kreatívneho priemyslu a ich vplyv na rozvoj podnikateľského prostredia na Slovensku diplomová práca

Saved in:
Bibliographic Details
Main Author: Hahnová, Karin
Corporate Author: Fakulta podnikového manažmentu EU. Katedra podnikovohospodárska
Other Authors: Gajdová, Denisa, 1977-
Format: Book
Language:Slovak
Published: Bratislava 2022
Tags: Add Tag
No Tags, Be the first to tag this record!

MARC

LEADER 00000nbm a2200000 4500
001 0285409
005 20230216095728.0
041 0 |a slo 
044 |a SK 
245 1 0 |a Klastre kreatívneho priemyslu a ich vplyv na rozvoj podnikateľského prostredia na Slovensku  |b diplomová práca  |c Karin Hahnová ; školiteľ: Denisa Gajdová 
264 1 |a Bratislava  |c 2022 
300 |a 79 s. 
100 1 |a Hahnová, Karin 
700 1 |a Gajdová, Denisa, 1977- 
710 2 |a Fakulta podnikového manažmentu EU. Katedra podnikovohospodárska